Basic engineering thermodynamics (Record no. 545810)

000 -LEADER
fixed length control field 00499cam a22001571 4500
082 ## - DEWEY DECIMAL CLASSIFICATION NUMBER
Classification number 621.4021
Author Mark ZEM
-- L-12, P-40
100 1# - MAIN ENTRY--PERSONAL NAME
Personal name Zemansky, Mark Waldo,
9 (RLIN) 40014
245 10 - TITLE STATEMENT
Title Basic engineering thermodynamics
Statement of responsibility, etc. [by] H.W. Zemansky [and] H.C. Van Ness.
260 ## - PUBLICATION, DISTRIBUTION, ETC.
Place of publication, distribution, etc. New York,
Name of publisher, distributor, etc. McGraw-Hill
Date of publication, distribution, etc. [1966]
300 ## - PHYSICAL DESCRIPTION
Extent xi, 380 p.
Other physical details illus.
Dimensions 24 cm.
526 ## - STUDY PROGRAM INFORMATION NOTE
Program name 0
Interest level 0
Reading level 0
Title point value 621_402100000000000_ZEM
650 #0 - SUBJECT ADDED ENTRY--TOPICAL TERM
Topical term or geographic name entry element MCE
9 (RLIN) 379
650 #0 - SUBJECT ADDED ENTRY--TOPICAL TERM
Topical term or geographic name entry element Thermodynamics.
9 (RLIN) 7134
700 1# - ADDED ENTRY--PERSONAL NAME
Personal name Van Ness, H. C.
9 (RLIN) 40028
942 ## - ADDED ENTRY ELEMENTS (KOHA)
Source of classification or shelving scheme
Koha item type Book
Holdings
Withdrawn status Lost status Source of classification or shelving scheme Damaged status Not for loan Permanent Location Current Location Date acquired Total Checkouts Full call number Barcode Date last seen Price effective from Koha item type
          Military College of Engineering (MCE) Military College of Engineering (MCE) 05/29/2014   621.4021 ZEM MCE-3892 02/24/2017 05/29/2014 Book
© 2023 Central Library, National University of Sciences and Technology. All Rights Reserved.